000 00452nam a2200145Ia 4500
008 230312s9999||||xx |||||||||||||| ||und||
020 _a9780495897804
082 _a771
_bWAR-P
100 _aHeller,Dan
245 2 _aA digital photographer's guide to model releases : making the best business decisions with your photos of people, places and things
260 _bCengage
_aUSA
_c2012
300 _a254
650 _aComputer
_vPhotography
942 _cBK
999 _c17293
_d17293